Free trade and markets in healthcare: lessons from Asian countries (Record no. 8292)

MARC details
000 -LEADER
fixed length control field 00467nam a2200169Ia 4500
020 ## - INTERNATIONAL STANDARD BOOK NUMBER
ISBN 9789382059158
082 ## - DEWEY DECIMAL CLASSIFICATION NUMBER
Classification number 381.71095 FRE;
245 #0 - TITLE STATEMENT
Title Free trade and markets in healthcare: lessons from Asian countries
260 ## - PUBLICATION, DISTRIBUTION, ETC. (IMPRINT)
Place of publication New Delhi
Name of publisher Synergy Books India
Year of publication 2013
300 ## - PHYSICAL DESCRIPTION
Number of Pages xxviii, 180
650 ## - SUBJECT ADDED ENTRY--TOPICAL TERM
Topical Term HEALTH FACILITIES
650 ## - SUBJECT ADDED ENTRY--TOPICAL TERM
Topical Term FREE TRADE
650 ## - SUBJECT ADDED ENTRY--TOPICAL TERM
Topical Term MEDICAL CARE : FINANCE
700 ## - ADDED ENTRY--PERSONAL NAME
Personal name Chakraborty, Debashis
700 ## - ADDED ENTRY--PERSONAL NAME
Personal name Stevens, Philip
942 ## - ADDED ENTRY ELEMENTS (KOHA)
Koha item type Books
Holdings
Withdrawn status Lost status Damaged status Not for loan Home library Current library Date acquired Source of acquisition Bill Date Full call number Accession Number Price effective from Koha item type
        NASSDOC Library NASSDOC Library 31/03/2014 BW 2014-03-12 381.71095 FRE; 48423 18/04/2019 Books